| 000 | 01171cam a2200337 i 4500 | ||
|---|---|---|---|
| 001 | 20872802 | ||
| 003 | TZ-ArACH | ||
| 005 | 20230322090329.0 | ||
| 008 | 190130e201812 po a b 000 0 por | ||
| 010 | _a 2019386084 | ||
| 020 | _a9789724421179 | ||
| 035 | _a(PT-LiPL)pu190664002 | ||
| 040 |
_aDLC _beng _cTZ-ArACH _erda |
||
| 042 | _apcc | ||
| 050 | 0 | 0 |
_aJV185 _b.D47 2018 |
| 100 | _aSanches, Manuela Ribeiro | ||
| 245 | 0 | 0 |
_aDescolonizações : _breler Amílcar Cabral, Césaire e Du Bois no séc. XXI / _cManuela Ribeiro Sanches |
| 250 | _a1a edição. | ||
| 300 |
_a189 pages : _billustrations ; _c24 cm. |
||
| 490 | 0 |
_aLugar da história ; _v88 |
|
| 504 | _aIncludes bibliographical references (pages 175-189). | ||
| 600 | 1 | 0 | _aCésaire, Aimé. |
| 600 | 1 | 0 |
_aCabral, Amílcar, _d1924-1973. |
| 600 | 1 | 0 |
_aDu Bois, W. E. B. _q(William Edward Burghardt), _d1868-1963. |
| 650 | 0 |
_aDecolonization. _94640 |
|
| 650 | 0 | _aAmílcar Cabral | |
| 700 | 1 |
_aSanches, Manuela Ribeiro, _eeditor. |
|
| 906 |
_a7 _bcbc _corigres _d2 _encip _f20 _gy-gencatlg |
||
| 942 |
_2lcc _cBOOK |
||
| 999 |
_c6902 _d6902 |
||